| 000 | 00427nam a22001577a 4500 | ||
|---|---|---|---|
| 003 | OSt | ||
| 005 | 20140407101514.0 | ||
| 008 | 140402s2005 sp ||||| |||| 00| 0 spa d | ||
| 022 | _l8429406239 | ||
| 040 |
_bcat _cCPCLleida |
||
| 110 |
_94553 _aReal Academia Española |
||
| 245 | 1 | 0 |
_aDiccionario panhispánico de dudas _cReal Academia Española |
| 260 |
_aMadrid _bSantillana _c2005 |
||
| 300 |
_a848 p. _c24 cm |
||
| 942 |
_cREF _2udc |
||
| 999 |
_c6707 _d6707 |
||